[Event "Madrid-ch Previa A"]
[Site "Madrid ESP"]
[Date "2014.02.03"]
[Round "1.1"]
[White "Perez Agusti, Luis"]
[Black "Boni De Aristizabal, Marco"]
[Result "1-0"]
[WhiteElo "1941"]
[BlackElo "1756"]
[PlyCount "61"]
[EventDate "2014.02.03"]
[EventType "swiss"]
[EventRounds "9"]
[EventCountry "ESP"]
[Source "lmi"]
[SourceDate "2014.02.03"]

1. d4 Nf6 2. Nf3 e6 3. Bg5 Be7 4. e3 d5 5. c4 h6 6. Bh4 c6 7. Nc3 Nbd7 8. Qc2
b6 9. cxd5 exd5 10. Bd3 Bb7 11. O-O O-O 12. Rfd1 Re8 13. Rac1 Rc8 14. Qa4 a5
15. Bb1 c5 16. Qc2 cxd4 17. exd4 Ne4 18. Bxe7 Qxe7 19. Qb3 Nxc3 20. Rxc3 Rxc3
21. Qxc3 Rc8 22. Qd3 Nf6 23. Ne5 Qb4 24. Qf5 Rc7 25. h3 Qxb2 26. Ng4 Ne4 27.
Qf4 Qe2 28. Ne3 Re7 29. Bd3 Qxa2 30. f3 Nf2 31. Qb8+ 1-0

[Event "Madrid-ch Previa A"]
[Site "Madrid ESP"]
[Date "2014.02.03"]
[Round "1.2"]
[White "Leniz Martinez, Francisco"]
[Black "Santamaria Baeza, A."]
[Result "1/2-1/2"]
[WhiteElo "1756"]
[BlackElo "1928"]
[PlyCount "130"]
[EventDate "2014.02.03"]
[EventType "swiss"]
[EventRounds "9"]
[EventCountry "ESP"]
[Source "lmi"]
[SourceDate "2014.02.03"]

1. e4 e5 2. Nf3 Nc6 3. Bb5 Bc5 4. O-O Nge7 5. c3 Ng6 6. d4 Bd6 7. d5 a6 8. Be2
Nce7 9. Re1 h6 10. a4 O-O 11. Nbd2 Nf4 12. Bf1 f5 13. g3 fxe4 14. Nxe4 Nfxd5
15. Nxd6 cxd6 16. Bc4 Kh8 17. Bxd5 Qa5 18. Nh4 Qxd5 19. Qxd5 Nxd5 20. Ng6+ Kg8
21. Nxf8 Kxf8 22. f4 exf4 23. Bxf4 Nxf4 24. gxf4 Rb8 25. Re4 d5 26. Rb4 b5 27.
axb5 axb5 28. Ra5 Rb6 29. Ra8 Rc6 30. Rxb5 Ke7 31. Rxd5 Rg6+ 32. Kf2 Bb7 33.
Re5+ Kd6 34. Rf8 Rg2+ 35. Ke3 Rxh2 36. Rb5 Bd5 37. Rb4 h5 38. Rf5 Be6 39. Rg5
Bg4 40. Rd4+ Ke6 41. Rxg7 Kf6 42. Rg5 Re2+ 43. Kd3 Rxb2 44. Rd6+ Ke7 45. Rh6
Rf2 46. Rgxh5 Bxh5 47. Rxh5 Rxf4 48. Rh6 d6 49. Ke3 Rg4 50. Kd3 Kd7 51. c4 Kc6
52. Rh5 Rg1 53. Rf5 Rd1+ 54. Kc3 Kd7 55. Rf2 Re1 56. Rf5 Ke6 57. Rh5 Kf6 58.
Rd5 Ke6 59. Rh5 Kf7 60. Rd5 Ke7 61. Rh5 Rg1 62. Rh6 Kd7 63. Rh5 Kc6 64. Rf5
Rg3+ 65. Kd4 Ra3 1/2-1/2

[Event "Madrid-ch Previa A"]
[Site "Madrid ESP"]
[Date "2014.02.03"]
[Round "1.3"]
[White "Fernandez Garcia, Ignacio"]
[Black "Corredor Gonzalez, Angel L"]
[Result "1-0"]
[WhiteElo "1903"]
[BlackElo "1750"]
[PlyCount "73"]
[EventDate "2014.02.03"]
[EventType "swiss"]
[EventRounds "9"]
[EventCountry "ESP"]
[Source "lmi"]
[SourceDate "2014.02.03"]

1. e4 e5 2. Nf3 Nf6 3. Nc3 Bb4 4. Bc4 Nc6 5. d3 d5 6. exd5 Nxd5 7. Bd2 Be6 8.
O-O O-O 9. Qe1 Re8 10. Ng5 Bxc3 11. bxc3 Bf5 12. a4 h6 13. Ne4 Nf6 14. Ng3 Bg6
15. Qc1 e4 16. d4 Ng4 17. h3 Nf6 18. Bxh6 Kh7 19. Bg5 Qd6 20. Bf4 Qd7 21. a5
Ne7 22. Qb2 Rab8 23. Qb3 Nfd5 24. Bd2 c6 25. Be2 Qd6 26. c4 Nf4 27. Bd1 Nf5 28.
Nxf5 Bxf5 29. Qg3 Nxh3+ 30. gxh3 Qxg3+ 31. fxg3 e3 32. Bxe3 Bxh3 33. Re1 Re6
34. Bf3 Rf6 35. Be4+ g6 36. Bf4 Re6 37. Bxb8 1-0

[Event "Madrid-ch Previa A"]
[Site "Madrid ESP"]
[Date "2014.02.03"]
[Round "1.4"]
[White "Prieto Saiz, Carlos Francisco"]
[Black "Crespo Villalba, Israel"]
[Result "0-1"]
[WhiteElo "1723"]
[BlackElo "1897"]
[PlyCount "80"]
[EventDate "2014.02.03"]
[EventType "swiss"]
[EventRounds "9"]
[EventCountry "ESP"]
[Source "lmi"]
[SourceDate "2014.02.03"]

1. d4 Nf6 2. Nf3 g6 3. Bf4 Bg7 4. h3 O-O 5. e3 d6 6. c4 c5 7. Bh2 cxd4 8. exd4
Nc6 9. d5 Nb4 10. a3 Na6 11. Nc3 Nc5 12. Be2 Qb6 13. b4 Nce4 14. c5 Nxc3 15.
cxb6 Nxd1 16. Rxd1 axb6 17. Bc4 Rxa3 18. Ke2 Bd7 19. Rd3 Rfa8 20. Rhd1 b5 21.
Bb3 Ne4 22. Nd2 Nc3+ 23. Ke1 Bf5 24. Re3 Nxd1 25. Kxd1 Bf6 26. g4 Bd7 27. Bf4
Rc8 28. Ke2 g5 29. Bg3 Kg7 30. Ne4 h6 31. f4 Bd4 32. Rd3 gxf4 33. Bxf4 Ba1 34.
Bc1 Ra6 35. Rf3 e6 36. Bf4 exd5 37. Bxd5 Bc6 38. Bxc6 Raxc6 39. Kd3 d5 40. Nc5
b6 0-1

[Event "Madrid-ch Previa A"]
[Site "Madrid ESP"]
[Date "2014.02.03"]
[Round "1.5"]
[White "Perez Cameselle, Francisco Jose"]
[Black "Canseco Arenas, Alfonso"]
[Result "0-1"]
[WhiteElo "1895"]
[BlackElo "1721"]
[PlyCount "126"]
[EventDate "2014.02.03"]
[EventType "swiss"]
[EventRounds "9"]
[EventCountry "ESP"]
[Source "lmi"]
[SourceDate "2014.02.03"]

1. e4 c5 2. d3 e5 3. Nc3 Nc6 4. g3 g6 5. Bg2 Bg7 6. f4 d6 7. Nf3 Nge7 8. O-O
O-O 9. Be3 Rb8 10. a4 Nd4 11. Qd2 Bh6 12. Rf2 Qb6 13. Rb1 a5 14. fxe5 Nxf3+ 15.
Bxf3 Bxe3 16. Qxe3 dxe5 17. Bg2 Be6 18. Nd5 Bxd5 19. exd5 Qd6 20. Re1 f6 21.
Qe4 Rbd8 22. c4 Nf5 23. g4 Nd4 24. g5 Rde8 25. gxf6 Rxf6 26. Rxf6 Qxf6 27. d6
Qxd6 28. Qxb7 Re7 29. Qa8+ Kg7 30. Qxa5 Nb3 31. Qc3 Nd4 32. Qd2 Rf7 33. Qe3 Rf5
34. Rf1 Kf6 35. Be4 Rxf1+ 36. Kxf1 Kg7 37. Qf2 Qd7 38. Bd5 Nf5 39. Qxc5 Qxa4
40. Qc7+ Kh6 41. Qxe5 Qd1+ 42. Kf2 Qd2+ 43. Qe2 Qf4+ 44. Kg1 Qd4+ 45. Kh1 Qh4
46. Kg2 Qg5+ 47. Kf2 Qf4+ 48. Ke1 Qc1+ 49. Qd1 Qe3+ 50. Qe2 Qc1+ 51. Kf2 Qf4+
52. Kg1 Qd4+ 53. Qf2 Qxd3 54. Qf4+ Kg7 55. Qe5+ Kh6 56. Qf4+ Kg7 57. b4 Qb1+
58. Kg2 Qxb4 59. Be6 Qb2+ 60. Kh3 Qc3+ 61. Kg2 Qc2+ 62. Kh3 Qd3+ 63. Kg2 Qe2+
0-1

[Event "Madrid-ch Previa A"]
[Site "Madrid ESP"]
[Date "2014.02.03"]
[Round "1.6"]
[White "Algaba Traspuesto, Jose Antonio"]
[Black "Garcia Fernandez, Jesus"]
[Result "1/2-1/2"]
[WhiteElo "1721"]
[BlackElo "1887"]
[PlyCount "45"]
[EventDate "2014.02.03"]
[EventType "swiss"]
[EventRounds "9"]
[EventCountry "ESP"]
[Source "lmi"]
[SourceDate "2014.02.03"]

1. d4 Nf6 2. Nf3 c5 3. e3 d5 4. c3 Nc6 5. dxc5 a5 6. Bb5 Bd7 7. O-O e6 8. b4 b6
9. a4 axb4 10. Bxc6 Bxc6 11. cxb4 bxc5 12. Ne5 Bb5 13. Bb2 Bxf1 14. Qxf1 cxb4
15. Qb5+ Nd7 16. Nd2 Ra5 17. Qb7 Nxe5 18. Bxe5 Be7 19. Nb3 Ra8 20. Bxg7 f6 21.
Bxh8 Kf7 22. Bxf6 Kxf6 23. a5 1/2-1/2

[Event "Madrid-ch Previa A"]
[Site "Madrid ESP"]
[Date "2014.02.03"]
[Round "1.7"]
[White "Fernandez Aransay, Fernando"]
[Black "Martinez Miura, Enrique"]
[Result "1/2-1/2"]
[WhiteElo "1886"]
[BlackElo "1712"]
[PlyCount "66"]
[EventDate "2014.02.03"]
[EventType "swiss"]
[EventRounds "9"]
[EventCountry "ESP"]
[Source "lmi"]
[SourceDate "2014.02.03"]

1. e4 e6 2. d4 d5 3. exd5 exd5 4. Nf3 Nf6 5. c4 c6 6. c5 Be7 7. Bd3 O-O 8. O-O
Bg4 9. Nc3 b6 10. cxb6 axb6 11. h3 Bh5 12. g4 Bg6 13. Ne5 Bxd3 14. Qxd3 Nfd7
15. f4 f6 16. Nf3 Na6 17. a3 Nb4 18. Qd1 Kh8 19. Be3 Na6 20. Rc1 Re8 21. Qd3
Qb8 22. Ne2 Qb7 23. Ng3 c5 24. Nf5 Bf8 25. Rcd1 c4 26. Qd2 b5 27. g5 b4 28.
gxf6 Nxf6 29. Ne5 Ne4 30. Qg2 bxa3 31. bxa3 Bxa3 32. Rb1 Qc7 33. Kh1 Bf8
1/2-1/2

[Event "Madrid-ch Previa A"]
[Site "Madrid ESP"]
[Date "2014.02.03"]
[Round "1.8"]
[White "Cisneros Rodriguez, Amick"]
[Black "Camarero Izquierdo, Juan Carlos"]
[Result "1-0"]
[WhiteElo "1711"]
[BlackElo "1870"]
[PlyCount "63"]
[EventDate "2014.02.03"]
[EventType "swiss"]
[EventRounds "9"]
[EventCountry "ESP"]
[Source "lmi"]
[SourceDate "2014.02.03"]

1. e4 c5 2. Nc3 e6 3. g3 Nc6 4. Bg2 Nf6 5. d3 d5 6. f4 d4 7. Nce2 e5 8. h3 Bd6
9. g4 exf4 10. Nxf4 Qc7 11. Nge2 Bxg4 12. hxg4 Nxg4 13. Rh3 O-O-O 14. Nd5 Qd7
15. Nef4 f5 16. Bf3 g5 17. Nh5 Ne3 18. Bxe3 g4 19. Nhf6 Qf7 20. Nxg4 dxe3 21.
Ngxe3 Rhg8 22. Kd2 fxe4 23. Bxe4 Be5 24. Rxh7 Qe8 25. c3 Rg5 26. Qb3 Na5 27.
Qa3 b6 28. Rxa7 Qh5 29. Nxb6+ Kb8 30. Ra8+ Kc7 31. Qxc5+ Nc6 32. Qxc6# 1-0

[Event "Madrid-ch Previa A"]
[Site "Madrid ESP"]
[Date "2014.02.03"]
[Round "1.9"]
[White "Cano Mercado, Francisco Manuel"]
[Black "Quijano Cabrera, Adelardo"]
[Result "1/2-1/2"]
[WhiteElo "1863"]
[BlackElo "1710"]
[PlyCount "118"]
[EventDate "2014.02.03"]
[EventType "swiss"]
[EventRounds "9"]
[EventCountry "ESP"]
[Source "lmi"]
[SourceDate "2014.02.03"]

1. d4 g6 2. c4 Bg7 3. e4 c5 4. d5 e6 5. Nc3 exd5 6. cxd5 d6 7. Bb5+ Bd7 8. Bd3
a6 9. a4 Nf6 10. Qb3 Qc7 11. Bf4 b6 12. Nf3 Ng4 13. O-O O-O 14. h3 Ne5 15. Nxe5
Bxe5 16. Bh6 Bg7 17. Bf4 Bc8 18. Bh2 Nd7 19. f4 Bb7 20. Rfe1 Rfe8 21. Rad1 Re7
22. Nb1 Rae8 23. Na3 Nf6 24. Nc4 Bxd5 25. Qxb6 Qxb6 26. Nxb6 Bxe4 27. Bxa6 d5
28. Bb5 Rb8 29. a5 Ra7 30. f5 Rd8 31. fxg6 hxg6 32. Nc4 d4 33. a6 Bc2 34. Rd2
d3 35. Na3 Bh6 36. Rxc2 dxc2 37. Nxc2 Rd2 38. Bb8 Rxa6 39. Bxa6 Rxc2 40. Be5
Bg7 41. Bc3 Nh5 42. Bd3 Bxc3 43. Re8+ Kg7 44. Bxc2 Bxb2 45. Kf1 f5 46. Rc8 Bd4
47. Rc7+ Kf6 48. Rc6+ Kg7 49. g4 Ng3+ 50. Kg2 Ne4 51. Kf3 Ng5+ 52. Ke2 Nxh3 53.
gxf5 gxf5 54. Bxf5 Nf4+ 55. Kf3 Nd5 56. Rg6+ Kf7 57. Ra6 Nb4 58. Ra4 Kf6 59.
Be4 Ke5 1/2-1/2

[Event "Madrid-ch Previa A"]
[Site "Madrid ESP"]
[Date "2014.02.03"]
[Round "1.10"]
[White "Jimenez Jimenez, Darfo"]
[Black "Morera Rodriguez, Ignacio"]
[Result "0-1"]
[WhiteElo "1673"]
[BlackElo "1863"]
[PlyCount "94"]
[EventDate "2014.02.03"]
[EventType "swiss"]
[EventRounds "9"]
[EventCountry "ESP"]
[Source "lmi"]
[SourceDate "2014.02.03"]

1. e4 c5 2. Nf3 d6 3. d4 cxd4 4. Nxd4 Nf6 5. Nc3 a6 6. Bg5 e6 7. Qd2 Be7 8. Bd3
O-O 9. O-O b5 10. a3 Bb7 11. Rfe1 Nbd7 12. Nb3 Ne5 13. Bf1 Rc8 14. Rad1 Nc4 15.
Qc1 Qb6 16. Nd2 Ng4 17. Nxc4 bxc4 18. Bxe7 Nxf2 19. Qe3 Qxe3 20. Rxe3 Nxd1 21.
Nxd1 Rfe8 22. Bxd6 Red8 23. e5 f6 24. Nc3 fxe5 25. Bxe5 Rd2 26. Ne4 Rd1 27. Nd6
Rf8 28. h4 Rdxf1+ 29. Kh2 Bd5 30. Rg3 g6 31. h5 R8f5 32. Nxf5 Rxf5 33. Bd4
Rxh5+ 34. Kg1 Rh4 35. c3 Re4 36. Kf2 Rf4+ 37. Ke2 Rf8 38. Kd2 Rf1 39. Rg4 Kf7
40. Ke2 Rf5 41. Ke3 e5 42. Bc5 Rf1 43. Rh4 h5 44. Rh2 Ke6 45. g4 hxg4 46. Rf2
Re1+ 47. Re2 Rh1 0-1

[Event "Madrid-ch Previa A"]
[Site "Madrid ESP"]
[Date "2014.02.03"]
[Round "1.11"]
[White "Lozano Sanchez, Jose Antonio"]
[Black "Marcelo de la Mata, Daniel"]
[Result "1-0"]
[WhiteElo "1857"]
[BlackElo "1668"]
[PlyCount "79"]
[EventDate "2014.02.03"]
[EventType "swiss"]
[EventRounds "9"]
[EventCountry "ESP"]
[Source "lmi"]
[SourceDate "2014.02.03"]

1. e4 c5 2. Nf3 Nc6 3. Bc4 e6 4. Nc3 Na5 5. Bb3 Nxb3 6. axb3 Be7 7. d3 d6 8.
O-O Nf6 9. Bf4 O-O 10. h3 Bd7 11. e5 dxe5 12. Nxe5 Re8 13. Qf3 Qc8 14. Rfe1 a6
15. g4 Bc6 16. Nxc6 Qxc6 17. Qxc6 bxc6 18. Ra5 Nd5 19. Be3 Nxe3 20. fxe3 Reb8
21. Rea1 Rb6 22. Ne4 Kf8 23. Nxc5 Bxc5 24. Rxc5 Ke7 25. Kf2 Kd6 26. d4 f6 27.
Raa5 g5 28. Ke2 Rh8 29. e4 h6 30. Rc3 h5 31. e5+ fxe5 32. Rxe5 Rb5 33. Rec5
Rxc5 34. Rxc5 hxg4 35. hxg4 Rg8 36. Ra5 Rg6 37. Rxa6 Kd5 38. Kd3 Kd6 39. c4 e5
40. d5 1-0

[Event "Madrid-ch Previa A"]
[Site "Madrid ESP"]
[Date "2014.02.03"]
[Round "1.12"]
[White "Lucia Carpintero, Oscar"]
[Black "Martin-Consuegra Barrilero, Javier"]
[Result "1/2-1/2"]
[WhiteElo "1665"]
[BlackElo "1853"]
[PlyCount "92"]
[EventDate "2014.02.03"]
[EventType "swiss"]
[EventRounds "9"]
[EventCountry "ESP"]
[Source "lmi"]
[SourceDate "2014.02.03"]

1. d4 d6 2. Nf3 Nf6 3. Bf4 c6 4. h3 h6 5. e3 Qb6 6. Qc1 Nbd7 7. Bd3 g5 8. Bh2
Bg7 9. c4 g4 10. Nh4 Nf8 11. Nf5 Bxf5 12. Bxf5 h5 13. Nc3 N8d7 14. Rb1 e6 15.
Bd3 e5 16. b4 exd4 17. c5 dxc5 18. Na4 Qd8 19. Nxc5 O-O 20. Nxb7 Qb6 21. Nd6
dxe3 22. O-O Nd5 23. Nf5 Bf6 24. hxg4 Ne5 25. Bxe5 Bxe5 26. fxe3 hxg4 27. Nh6+
Kg7 28. Nxg4 Bd6 29. Rf3 Rh8 30. Qb2+ Kg8 31. Nf6+ Nxf6 32. Qxf6 Bh2+ 33. Kf2
Qc7 34. Rc1 Be5 35. Qxc6 Qxc6 36. Rxc6 Rd8 37. Ke2 Rh2 38. Bc4 Rxg2+ 39. Rf2
Rg7 40. Rc5 Re8 41. Kd3 Bd6 42. Rb5 Re7 43. a3 Rg3 44. Rbf5 Rgxe3+ 45. Kd2 Rxa3
46. Bxf7+ Kh7 1/2-1/2

[Event "Madrid-ch Previa A"]
[Site "Madrid ESP"]
[Date "2014.02.03"]
[Round "1.13"]
[White "Hernandez Gutierrez, Jose"]
[Black "Quintero Cuervo, Edgar Alfredo"]
[Result "1-0"]
[WhiteElo "1852"]
[BlackElo "1651"]
[PlyCount "69"]
[EventDate "2014.02.03"]
[EventType "swiss"]
[EventRounds "9"]
[EventCountry "ESP"]
[Source "lmi"]
[SourceDate "2014.02.03"]

1. d4 d5 2. c4 e6 3. Nf3 Nf6 4. g3 Nbd7 5. Qc2 c6 6. Bg2 Bd6 7. O-O O-O 8. Nbd2
Re8 9. Rd1 b6 10. e4 dxe4 11. Nxe4 Nxe4 12. Qxe4 Bb7 13. Ne5 Nf6 14. Qc2 Qc7
15. Nd3 Rad8 16. b4 Rc8 17. c5 Be7 18. Bf4 Qd8 19. Ne5 Nd5 20. Qd2 Bf6 21. Nc4
Nxf4 22. Qxf4 Be7 23. a4 Ba8 24. a5 b5 25. Ne5 Bf6 26. h4 Re7 27. Rd2 Rcc7 28.
Rad1 h6 29. Be4 Bxe5 30. dxe5 Red7 31. Rd6 a6 32. Qf3 Qc8 33. R1d2 Bb7 34. Qd1
Rxd6 35. Rxd6 1-0

[Event "Madrid-ch Previa A"]
[Site "Madrid ESP"]
[Date "2014.02.03"]
[Round "1.14"]
[White "Ramos Antona, Enrique"]
[Black "Jimenez Gonzalez, Marcos"]
[Result "0-1"]
[WhiteElo "1643"]
[BlackElo "1852"]
[PlyCount "128"]
[EventDate "2014.02.03"]
[EventType "swiss"]
[EventRounds "9"]
[EventCountry "ESP"]
[Source "lmi"]
[SourceDate "2014.02.03"]

1. d4 e6 2. c4 d5 3. Nf3 c5 4. g3 Nc6 5. cxd5 exd5 6. Bg2 Nf6 7. O-O Be7 8. Bg5
c4 9. Nc3 O-O 10. Qc2 h6 11. Bxf6 Bxf6 12. e3 Be6 13. a3 Qd7 14. Rfe1 Rfe8 15.
b3 Na5 16. Nd2 cxb3 17. Nxb3 Bf5 18. Qd1 Bg4 19. Nc5 Bxd1 20. Nxd7 Bxd4 21.
Rexd1 Bxc3 22. Rab1 d4 23. exd4 Rad8 24. Rd3 Rxd7 25. Rxc3 Rxd4 26. Bxb7 Nxb7
27. Rxb7 a5 28. Rcc7 Rf8 29. Ra7 Rd5 30. a4 Rf5 31. Rcb7 Rd8 32. Rd7 Rxd7 33.
Rxd7 Kf8 34. f4 Ke8 35. Ra7 g5 36. fxg5 hxg5 37. g4 Rf4 38. Rxa5 Rxg4+ 39. Kf2
Ke7 40. h3 Rf4+ 41. Ke3 Kf6 42. Ra8 Rh4 43. a5 Rxh3+ 44. Kf2 Ra3 45. a6 Kf5 46.
a7 Kf4 47. Rb8 Rxa7 48. Rb4+ Kf5 49. Rb5+ Kg4 50. Rb4+ Kh5 51. Rb5 Ra3 52. Rf5
Kg6 53. Rd5 f5 54. Rd6+ Kh5 55. Rd5 f4 56. Rd8 Kg4 57. Rg8 Ra2+ 58. Kg1 Kf5 59.
Rf8+ Kg4 60. Rg8 Kh4 61. Rh8+ Kg3 62. Kf1 g4 63. Rd8 f3 64. Ke1 Kg2 0-1

[Event "Madrid-ch Previa A"]
[Site "Madrid ESP"]
[Date "2014.02.03"]
[Round "1.15"]
[White "Saber, Salah"]
[Black "Veiga Rodriguez, Pablo"]
[Result "1-0"]
[WhiteElo "1845"]
[BlackElo "1593"]
[PlyCount "143"]
[EventDate "2014.02.03"]
[EventType "swiss"]
[EventRounds "9"]
[EventCountry "ESP"]
[Source "lmi"]
[SourceDate "2014.02.03"]

1. e4 e5 2. Nf3 Nc6 3. Bc4 Be7 4. Nc3 Nf6 5. d3 O-O 6. a3 d6 7. h3 Be6 8. O-O
Bxc4 9. dxc4 b6 10. Re1 Nd7 11. Nd5 h6 12. b4 a6 13. c3 Bg5 14. Nxg5 hxg5 15.
Qg4 f6 16. h4 gxh4 17. Qxh4 g5 18. Qh5 Kg7 19. Ne3 Ne7 20. Nf5+ Nxf5 21. exf5
Qe8 22. Qg4 Kf7 23. f4 Rg8 24. fxg5 Rxg5 25. Bxg5 fxg5 26. Qxg5 Qg8 27. Qh5+
Ke7 28. Qh4+ Nf6 29. Re3 Qh8 30. Rh3 Qxh4 31. Rxh4 Rg8 32. Kf2 Rg5 33. g4 Nxg4+
34. Ke2 Nf6 35. Rf1 Nh5 36. Ke3 Nf4 37. Ke4 Nh5 38. Kd5 Kf6 39. Kc6 Ng3 40.
Rh6+ Kf7 41. Rg1 Nxf5 42. Rh7+ Kg6 43. Rxg5+ Kxg5 44. Kxc7 Ne3 45. Kxd6 Nxc4+
46. Kd5 Nxa3 47. Kxe5 Nc4+ 48. Kd4 Na3 49. c4 Nc2+ 50. Kc3 Ne3 51. Rd7 Kf6 52.
Rd6+ Ke5 53. Rxb6 Nd1+ 54. Kc2 Ne3+ 55. Kd3 Nd1 56. Rxa6 Nf2+ 57. Kc3 Ne4+ 58.
Kd3 Nf2+ 59. Ke2 Ne4 60. Ke3 Nc3 61. Ra5+ Kd6 62. Kd3 Nd1 63. Ra6+ Kc7 64. Ra2
Kc6 65. Rd2 Kb6 66. Rxd1 Kc6 67. Kd4 Kb6 68. Rh1 Kc6 69. Rh6+ Kd7 70. Kd5 Ke7
71. b5 Kd7 72. b6 1-0

[Event "Madrid-ch Previa A"]
[Site "Madrid ESP"]
[Date "2014.02.03"]
[Round "1.16"]
[White "Calleja Aletta, Jacobo"]
[Black "Montes de Santiago, Fernando"]
[Result "0-1"]
[WhiteElo "1577"]
[BlackElo "1826"]
[PlyCount "116"]
[EventDate "2014.02.03"]
[EventType "swiss"]
[EventRounds "9"]
[EventCountry "ESP"]
[Source "lmi"]
[SourceDate "2014.02.03"]

1. c4 e5 2. Nc3 Nf6 3. Nf3 Nc6 4. g3 d5 5. cxd5 Nxd5 6. Bg2 Nxc3 7. bxc3 e4 8.
Ng1 f5 9. Qb3 Bc5 10. Nh3 Qf6 11. Nf4 g5 12. Nd5 Qf7 13. O-O Rb8 14. d4 Bd6 15.
Bxg5 Be6 16. Nf6+ Qxf6 17. Bxf6 Bxb3 18. Bxh8 Bc4 19. Bf6 Kf7 20. Bg5 Rg8 21.
h4 Bxe2 22. Rfe1 Bg4 23. Rab1 b6 24. Bf1 Rg6 25. Bc4+ Kg7 26. Bb5 Na5 27. Be8
Re6 28. Bd7 Rg6 29. d5 h6 30. Be3 Be5 31. Bd4 Nc4 32. Rbc1 Kf6 33. Rc2 Rg7 34.
Bb5 Nd6 35. Be2 Bxe2 36. Rcxe2 Nb5 37. Bxe5+ Kxe5 38. c4 Nd4 39. f4+ Kd6 40.
Re3 Nc2 41. Kf2 Nxe1 42. Rxe1 Kc5 43. Rd1 Rd7 44. Ke3 h5 45. d6 Rxd6 46. Rxd6
Kxd6 47. Kd4 c5+ 48. Ke3 Ke6 49. a3 Kd6 50. a4 a6 51. Kd2 Kc6 52. Ke3 b5 53.
cxb5+ axb5 54. a5 b4 55. g4 b3 56. a6 b2 57. a7 Kb7 58. gxf5 b1=Q 0-1

[Event "Madrid-ch Previa A"]
[Site "Madrid ESP"]
[Date "2014.02.03"]
[Round "1.17"]
[White "Hernandez Garcia, Carlos"]
[Black "Quispe Arteaga, Gabriel"]
[Result "1/2-1/2"]
[WhiteElo "1819"]
[BlackElo "1556"]
[PlyCount "102"]
[EventDate "2014.02.03"]
[EventType "swiss"]
[EventRounds "9"]
[EventCountry "ESP"]
[Source "lmi"]
[SourceDate "2014.02.03"]

1. e4 c5 2. Nf3 Nc6 3. d4 cxd4 4. Nxd4 g6 5. Nc3 Bg7 6. Be3 Nf6 7. Be2 O-O 8.
g4 d6 9. Nxc6 bxc6 10. h4 d5 11. e5 Ne4 12. Nxe4 dxe4 13. Qxd8 Rxd8 14. Bf4 Bb7
15. O-O Kf8 16. Rfd1 Ke8 17. Kf1 Rxd1+ 18. Rxd1 Rd8 19. Rxd8+ Kxd8 20. Bc4 Ke8
21. b3 c5 22. Ke2 h6 23. g5 hxg5 24. hxg5 f6 25. Be3 fxg5 26. Bxc5 a6 27. e6
Be5 28. Be3 g4 29. Bg5 g3 30. fxg3 Bxg3 31. Kf1 Be5 32. Be3 Kf8 33. Bh6+ Bg7
34. Bxg7+ Kxg7 35. Kf2 Kf6 36. Ke3 Ke5 37. b4 g5 38. a4 g4 39. Be2 g3 40. Bf1
Kxe6 41. Kf4 e3 42. Kxg3 Ke5 43. b5 axb5 44. axb5 Kd4 45. c4 e6 46. Kg4 Be4 47.
Be2 Bb7 48. Kg3 Bh1 49. Kh2 Be4 50. Kg3 Kc5 51. Bf1 Kd4 1/2-1/2

[Event "Madrid-ch Previa A"]
[Site "Madrid ESP"]
[Date "2014.02.03"]
[Round "1.18"]
[White "Salgado Duarte, Pablo"]
[Black "Lopez Orellana, Federico"]
[Result "1/2-1/2"]
[WhiteElo "1554"]
[BlackElo "1818"]
[PlyCount "100"]
[EventDate "2014.02.03"]
[EventType "swiss"]
[EventRounds "9"]
[EventCountry "ESP"]
[Source "lmi"]
[SourceDate "2014.02.03"]

1. d4 Nf6 2. c4 e5 3. dxe5 Ng4 4. Nf3 Bc5 5. e3 Nc6 6. e6 fxe6 7. Bd2 Qe7 8.
Be2 O-O 9. Bc3 Bb4 10. O-O Bxc3 11. Nxc3 Nge5 12. Nxe5 Nxe5 13. f4 Ng6 14. Bd3
d6 15. Bxg6 hxg6 16. Qd3 Qf7 17. Ne4 Qf5 18. Rad1 Bd7 19. Ng3 Qf6 20. b3 Rad8
21. Ne4 Qf5 22. Ng5 Qxd3 23. Rxd3 Rde8 24. Rfd1 e5 25. fxe5 Rxe5 26. Nf3 Ref5
27. e4 Rf4 28. e5 Bf5 29. R3d2 dxe5 30. Nxe5 Re8 31. Nd3 Rd4 32. Nc5 Rxd2 33.
Rxd2 b6 34. Na6 c5 35. Nc7 Re7 36. Nd5 Rd7 37. Re2 Kf7 38. Rf2 Ke6 39. Re2+ Kd6
40. Rd2 Kc6 41. Re2 Kb7 42. h3 b5 43. Ne3 Re7 44. Kf2 Bd3 45. Rd2 Rf7+ 46. Kg3
bxc4 47. bxc4 Be4 48. Rb2+ Kc6 49. Ng4 Kd6 50. Rd2+ Kc7 1/2-1/2

[Event "Madrid-ch Previa A"]
[Site "Madrid ESP"]
[Date "2014.02.03"]
[Round "1.19"]
[White "Ore Leon, Gustavo"]
[Black "Cortijo Manso, Luis"]
[Result "1-0"]
[WhiteElo "1814"]
[BlackElo "1554"]
[PlyCount "59"]
[EventDate "2014.02.03"]
[EventType "swiss"]
[EventRounds "9"]
[EventCountry "ESP"]
[Source "lmi"]
[SourceDate "2014.02.03"]

1. e4 e6 2. d4 d5 3. Nd2 dxe4 4. Nxe4 Bd7 5. Nf3 Bc6 6. Bd3 Nd7 7. c3 Ngf6 8.
Qe2 Bxe4 9. Bxe4 Nxe4 10. Qxe4 c6 11. O-O Nf6 12. Qe2 Be7 13. Bd2 O-O 14. c4 b6
15. Bc3 Re8 16. Ne5 Qc7 17. Rfe1 c5 18. dxc5 Bxc5 19. Rac1 Rac8 20. h3 Red8 21.
Rcd1 Rxd1 22. Rxd1 h6 23. Rd3 Be7 24. b3 Rd8 25. Rg3 Qd6 26. Nd3 Qc7 27. Qf3
Qd7 28. Bxf6 Bxf6 29. Qxf6 Qd4 30. Rxg7+ 1-0

[Event "Madrid-ch Previa A"]
[Site "Madrid ESP"]
[Date "2014.02.03"]
[Round "1.20"]
[White "Ojosnegros Martin, Angel"]
[Black "Lopez Peral, Enrique"]
[Result "0-1"]
[WhiteElo "1532"]
[BlackElo "1804"]
[PlyCount "116"]
[EventDate "2014.02.03"]
[EventType "swiss"]
[EventRounds "9"]
[EventCountry "ESP"]
[Source "lmi"]
[SourceDate "2014.02.03"]

1. e4 e5 2. Nf3 Nf6 3. Nxe5 d6 4. Nf3 Nxe4 5. Nc3 Nxc3 6. dxc3 Nc6 7. Be3 Bg4
8. Be2 Be7 9. Qd2 Qd7 10. h3 Bh5 11. O-O-O Bf6 12. g4 Bg6 13. Bd3 O-O-O 14.
Bxg6 fxg6 15. Rhe1 Qf7 16. Qd5 Qxd5 17. Rxd5 Rhf8 18. Ng1 Bh4 19. Re2 Rde8 20.
f4 Bg3 21. Bd2 Rxe2 22. Nxe2 Bf2 23. c4 Re8 24. Kd1 Re4 25. Bc3 Rxc4 26. b3 Re4
27. Rd3 b5 28. a3 b4 29. axb4 Nxb4 30. Rf3 Bc5 31. Bxg7 Nxc2 32. Kxc2 Rxe2+ 33.
Kd3 Re7 34. Bc3 c6 35. f5 gxf5 36. gxf5 d5 37. f6 Rf7 38. Rf5 Kd7 39. Rh5 Bf2
40. b4 Ke6 41. Re5+ Kxf6 42. Rxd5+ Ke6 43. Re5+ Kd6 44. Ke4 Bg3 45. Rh5 Rf4+
46. Ke3 Rf7 47. Ke4 Kc7 48. Ra5 Bf2 49. Rf5 Rxf5 50. Kxf5 h5 51. Ke6 Kb6 52.
Bf6 Be1 53. Be7 Kb5 54. Kd7 Bxb4 55. Bf6 a5 56. Ke6 Kc4 57. Kf5 Bc3 58. Bxc3
Kxc3 0-1

[Event "Madrid-ch Previa A"]
[Site "Madrid ESP"]
[Date "2014.02.03"]
[Round "1.21"]
[White "Gonzalez Recas, Fernando"]
[Black "Benito Mellado, Humberto"]
[Result "1-0"]
[WhiteElo "1796"]
[BlackElo "1522"]
[PlyCount "47"]
[EventDate "2014.02.03"]
[EventType "swiss"]
[EventRounds "9"]
[EventCountry "ESP"]
[Source "lmi"]
[SourceDate "2014.02.03"]

1. e4 c5 2. Nf3 d6 3. d4 cxd4 4. Nxd4 Nf6 5. Nc3 a6 6. Bg5 e5 7. Nf5 h6 8. Bh4
g5 9. Bg3 Bxf5 10. exf5 Qd7 11. Nd5 Nxd5 12. Qxd5 Nc6 13. f6 Qf5 14. Bd3 Qxf6
15. O-O-O Be7 16. a3 Rc8 17. Kb1 b5 18. h4 g4 19. Rhf1 O-O 20. f4 gxf3 21. Rxf3
Qg7 22. Bf2 Kh8 23. Rg3 Qf6 24. Qe4 1-0